| 000 | 00542nas a2200181 i 4500 | ||
|---|---|---|---|
| 001 | 173581 | ||
| 003 | ES-MaACL | ||
| 005 | 20250217134854.0 | ||
| 008 | 091210c1879 fr | | ||re d | ||
| 245 | 0 | 0 | _aAnnuaire diplomatique et consulaire de la République française. |
| 260 |
_aParis : _bBerger-Levrault, _c1879- |
||
| 300 |
_a461 p. ; _c21 cm. |
||
| 362 | 0 | _aN.s., [t. 1] (1879)- | |
| 710 | 1 |
_aFrancia. _bMinistère des Affaires Étrangères. _9134397 |
|
| 852 |
_aES-MaACL _jB-1394 |
||
| 866 | 0 | _o1894. | |
| 999 |
_c173581 _d173581 |
||